[Event "9th Sunway Sitges 2022"]
[Site "Sitges ESP"]
[Date "2022.12.16"]
[Round "5.48"]
[White "Romero Calduch, Sergio"]
[Black "Krastev, Alexander"]
[Result "1-0"]
[BlackTitle "IM"]
[WhiteElo "2258"]
[BlackElo "2416"]
[WhiteFideId "2246848"]
[BlackFideId "12989983"]
[EventDate "2022.12.12"]

1. d4 Nf6 2. c4 e6 3. Nf3 c5 4. d5 d6 5. Nc3 exd5 6. cxd5 g6 7. e4 Bg7 8. Nd2
O-O 9. Be2 Re8 10. O-O Nbd7 11. a4 a6 12. Ra3 Ne5 13. f4 Neg4 14. Nc4 Nxe4 15.
Bxg4 Bd4+ 16. Ne3 Nxc3 17. Rxc3 Bxc3 18. bxc3 f5 19. Be2 Bd7 20. c4 Qa5 21. Qd3
Re4 22. g4 Rae8 23. gxf5 gxf5 24. Bh5 R8e7 25. Kh1 Kf8 26. Rg1 Rg7 27. Rxg7 Kxg7
28. Bd2 Qd8 29. Bc3+ Kf8 30. Bf3 Rxf4 31. Ng2 Qg5 32. Nxf4 Qxf4 33. Bd2 Qe5 34.
a5 Qa1+ 35. Kg2 Qg7+ 36. Kf2 Qe5 37. h3 Qf6 38. Bf4 Kg7 39. Be2 Kf7 40. Qg3 Qd4+
41. Be3 Qf6 42. Qg5 1-0

[Event "9th Sunway Sitges 2022"]
[Site "Sitges ESP"]
[Date "2022.12.16"]
[Round "5.49"]
[White "Aditya, Varun Gampa"]
[Black "Moksh, Amit Doshi"]
[Result "0-1"]
[BlackTitle "IM"]
[WhiteElo "2249"]
[BlackElo "2414"]
[WhiteFideId "45066183"]
[BlackFideId "25064967"]
[EventDate "2022.12.12"]

1. e4 c5 2. Nc3 d6 3. f4 g6 4. Nf3 Bg7 5. Bc4 Nc6 6. O-O e6 7. d4 cxd4 8. Nb5
Nge7 9. Bb3 O-O 10. Nbxd4 Na5 11. Be3 b6 12. Qd3 Bb7 13. Bxe6 fxe6 14. Nxe6 Qd7
15. Nxg7 Kxg7 16. Bd4+ Kg8 17. b4 Nac6 18. Bb2 h6 19. b5 Nd8 20. Qd4 Ne6 21.
Qh8+ Kf7 22. Qxh6 Ke8 23. Nd2 Qxb5 24. Ba3 Qa4 25. Bb2 Qxc2 26. f5 Qxb2 27. fxe6
Qh8 28. Rxf8+ Qxf8 29. Qh4 Qg8 30. Qf6 Bc8 31. Nc4 Qxe6 32. Qd4 Ba6 33. Nxd6+
Kf8 34. Qh8+ Ng8 35. e5 Qg4 36. Re1 Qd4+ 37. Kh1 Qd2 38. Qh4 Kg7 39. Ne4 Qd4 40.
Qg3 Qd3 41. Qg5 Rf8 42. Ng3 Qd8 43. Qg4 Nh6 44. Qa4 Bb7 45. e6 Qd5 46. Qc2 Ng4
47. Re2 Rc8 48. Qb2+ Kh7 49. Re1 Ne3 50. Qf2 Qxg2+ 51. Qxg2 Nxg2 52. Rb1 Rc2 53.
e7 Nh4+ 54. Kg1 Nf3+ 55. Kf1 Ba6+ 0-1

[Event "9th Sunway Sitges 2022"]
[Site "Sitges ESP"]
[Date "2022.12.16"]
[Round "5.50"]
[White "Bai, Adelard"]
[Black "Lye, Lik Zang"]
[Result "1/2-1/2"]
[WhiteTitle "FM"]
[BlackTitle "FM"]
[WhiteElo "2411"]
[BlackElo "2241"]
[WhiteFideId "16301188"]
[BlackFideId "5712181"]
[EventDate "2022.12.12"]

1. Nf3 d5 2. g3 Nf6 3. Bg2 g6 4. d4 Bg7 5. O-O O-O 6. c4 c6 7. Qb3 a5 8. cxd5 a4
9. Qd1 cxd5 10. Nc3 Qa5 11. Bd2 Nc6 12. Rc1 Qa7 13. e3 Bf5 14. Re1 Rfd8 15. Bf1
Ne4 16. Nh4 Be6 17. Bd3 f5 18. Qe2 Bf7 19. Nf3 h6 20. Bb5 g5 21. Red1 Bh5 22. h3
e5 23. dxe5 Nxe5 24. g4 Nxf3+ 25. Qxf3 fxg4 26. hxg4 Rf8 27. Qh3 Be8 28. Nxe4
dxe4 29. Bc4+ Kh7 30. Bd5 Bc6 31. Bb4 Rf3 32. Qh5 Bxd5 33. Rxd5 Qb6 34. Bc3 Bxc3
35. Rxc3 Qf6 36. Rd7+ Kg8 37. Rd2 Rf8 38. Rcc2 b5 39. a3 Qe6 40. Rc5 Qf6 41. Rf5
Rxf5 42. gxf5 Qxf5 43. Qxh6 Rc8 44. Qh5 Kg7 45. Qd1 Rf8 46. Rd7+ Kg6 47. Rd6+
Rf6 48. Rxf6+ Qxf6 49. Qd5 Qf5 50. Qd6+ Kh5 51. Kf1 Qh3+ 52. Ke1 Qh1+ 53. Kd2
Qf1 54. Qh2+ Kg4 55. Qg3+ Kf5 56. Kc2 Qd3+ 1/2-1/2

[Event "9th Sunway Sitges 2022"]
[Site "Sitges ESP"]
[Date "2022.12.16"]
[Round "5.51"]
[White "Salimova, Nurgyul"]
[Black "Perkampus, Laurin"]
[Result "1-0"]
[WhiteTitle "IM"]
[WhiteElo "2390"]
[BlackElo "2168"]
[WhiteFideId "2915138"]
[BlackFideId "16232283"]
[EventDate "2022.12.12"]

1. Nf3 Nf6 2. d4 g6 3. Bg5 d5 4. Nbd2 Bg7 5. e3 O-O 6. c3 h6 7. Bh4 Bf5 8. Be2
Nbd7 9. O-O Re8 10. a4 e5 11. dxe5 Nxe5 12. Nxe5 Rxe5 13. a5 a6 14. Qb3 Rb8 15.
Nf3 Re7 16. Nd4 Be6 17. Rfd1 g5 18. Bg3 Ne4 19. Bf3 Nxg3 20. hxg3 Bxd4 21. Rxd4
c5 22. Rd2 Rd7 23. Qa4 Qc7 24. Rad1 Rbd8 25. g4 Kg7 26. b4 Kg8 27. b5 axb5 28.
Qxb5 Ra8 29. Ra1 Ra7 30. g3 Kg7 31. Bd1 Rd6 32. Rb2 Rda6 33. Qd3 Rxa5 34. Rxa5
Rxa5 35. Bc2 Ra1+ 36. Kg2 Kf8 37. Qh7 Ke8 38. Bf5 Ra6 39. Qxh6 Bxf5 40. Qh8+ Ke7
41. gxf5 Rf6 42. g4 Qc6 43. Qb8 b6 44. Ra2 Rd6 45. Ra7+ Rd7 46. Qe5+ Kf8 47.
Ra8+ Qxa8 48. Qh8+ Ke7 49. Qxa8 Rd6 50. Qb7+ Kf6 51. Qc7 1-0

[Event "9th Sunway Sitges 2022"]
[Site "Sitges ESP"]
[Date "2022.12.16"]
[Round "5.52"]
[White "Kanov, Nikola"]
[Black "Hryzlova, Sofiia"]
[Result "1-0"]
[WhiteTitle "FM"]
[BlackTitle "WIM"]
[WhiteElo "2377"]
[BlackElo "2157"]
[WhiteFideId "2928531"]
[BlackFideId "14174669"]
[EventDate "2022.12.12"]

1. e4 c5 2. Nf3 d6 3. d4 cxd4 4. Nxd4 Nf6 5. Nc3 Nc6 6. Bg5 e6 7. Qd2 a6 8.
O-O-O h6 9. Be3 Be7 10. h3 h5 11. f4 Bd7 12. Be2 b5 13. Bf3 Rc8 14. g4 Nxd4 15.
Bxd4 b4 16. Ne2 Qa5 17. Kb1 e5 18. g5 Be6 19. a3 exd4 20. Nxd4 Nd7 21. e5 Qb6
22. axb4 dxe5 23. Nxe6 Qxe6 24. Bd5 Qd6 25. fxe5 Nxe5 26. Qe2 Qc7 27. Rhe1 O-O
28. Qxe5 Qxc2+ 29. Ka1 Bxb4 30. g6 Qxg6 31. Rg1 Qh6 32. Rdf1 Bd6 33. Qf5 Kh8 34.
Rg5 g6 35. Qf6+ Qg7 36. Qxd6 Rc2 37. Rf6 a5 38. Rxh5+ gxh5 39. Rh6+ Kg8 40. Rg6
Rc1+ 41. Ka2 1-0

[Event "9th Sunway Sitges 2022"]
[Site "Sitges ESP"]
[Date "2022.12.16"]
[Round "5.53"]
[White "Arjun, C Krishnamachari"]
[Black "Song, Julien"]
[Result "1/2-1/2"]
[BlackTitle "IM"]
[WhiteElo "2241"]
[BlackElo "2369"]
[WhiteFideId "46653252"]
[BlackFideId "659487"]
[EventDate "2022.12.12"]

1. e4 c5 2. c3 Nf6 3. e5 Nd5 4. d4 cxd4 5. Nf3 e6 6. cxd4 d6 7. Bd3 dxe5 8. dxe5
Nb4 9. Be4 Qxd1+ 10. Kxd1 N8a6 11. Be3 Nc5 12. Bxc5 Bxc5 13. Ke2 Bd7 14. Nc3 f5
15. exf6 gxf6 16. a3 Nc6 17. Rhd1 O-O-O 18. b4 Be7 19. Rac1 Kb8 20. Kf1 a6 21.
Rb1 Na7 22. a4 f5 23. Ne5 Bc8 24. Bf3 Bf6 25. Re1 Rd2 26. b5 axb5 27. axb5 Rc2
28. Na4 Bxe5 29. Rxe5 Bd7 30. Nb6 Bxb5+ 31. Rbxb5 Nxb5 32. Rxb5 Rd8 33. Na4 Rdd2
34. Ke1 Rxf2 35. Rxb7+ Kc8 36. Nb6+ Kd8 37. Rd7+ Ke8 38. Bh5+ Kf8 39. Rf7+ Kg8
40. Nd7 Rfe2+ 41. Kf1 Rf2+ 42. Ke1 Rfe2+ 43. Kf1 Rf2+ 1/2-1/2

[Event "9th Sunway Sitges 2022"]
[Site "Sitges ESP"]
[Date "2022.12.16"]
[Round "5.54"]
[White "Valenzuela Gomez, Fernando"]
[Black "Assylov, Miras"]
[Result "1-0"]
[WhiteTitle "IM"]
[WhiteElo "2361"]
[BlackElo "2044"]
[WhiteFideId "3409392"]
[BlackFideId "13728873"]
[EventDate "2022.12.12"]

1. Nf3 Nf6 2. c4 g6 3. Nc3 Bg7 4. e4 d6 5. d4 O-O 6. Be2 e5 7. O-O Nc6 8. d5 Ne7
9. b4 a5 10. bxa5 Rxa5 11. a4 c5 12. Bd2 h6 13. Qc1 Kh7 14. Bd3 Ra6 15. Ra3 Neg8
16. Kh1 h5 17. Ng5+ Kh8 18. Nb5 Nh7 19. Bc2 Nxg5 20. Bxg5 Qd7 21. Bd2 Kh7 22. f4
exf4 23. Bxf4 Nh6 24. h3 Qe7 25. a5 Ng8 26. Bg5 Qd7 27. Bf4 Qe7 28. Bg5 Qd7 29.
Qe1 Be5 30. Raf3 Kg7 31. Ba4 f6 32. Bd2 Qe7 33. Na3 Nh6 34. Qe2 Nf7 35. Rb3 Nd8
36. Nc2 f5 37. exf5 Rxf5 38. Rxf5 Bxf5 39. Ne3 Be4 40. Bb5 Ra8 41. Nf1 Bf5 42.
Ng3 Bg4 43. Qe1 Bd7 44. Bxd7 Qxd7 45. Ne4 Qa4 46. Qe3 Qa1+ 47. Bc1 Nf7 48. Rxb7
Kg8 49. Ng5 Rf8 50. Ne6 Ra8 51. Qe1 Qxa5 52. Qe4 Nh8 53. Qxe5 1-0

[Event "9th Sunway Sitges 2022"]
[Site "Sitges ESP"]
[Date "2022.12.16"]
[Round "5.55"]
[White "Harshad, S"]
[Black "Van Dael, Siem"]
[Result "1-0"]
[WhiteTitle "FM"]
[BlackTitle "FM"]
[WhiteElo "2202"]
[BlackElo "2345"]
[WhiteFideId "46616551"]
[BlackFideId "1049771"]
[EventDate "2022.12.12"]

1. e4 g6 2. d4 Bg7 3. Nf3 e6 4. Bd3 Ne7 5. Qe2 d6 6. h4 h6 7. c3 c5 8. dxc5 dxc5
9. a4 Nbc6 10. Na3 e5 11. Be3 b6 12. h5 g5 13. Nd2 O-O 14. Nf1 f5 15. exf5 Bxf5
16. O-O-O Qc8 17. Ng3 Be6 18. Ba6 Qb8 19. Bc4 Qc8 20. Rd6 Bxc4 21. Qxc4+ Kh8 22.
Rhd1 Na5 23. Qe6 Nec6 24. Qxc8 Raxc8 25. Kb1 Rfd8 26. Nf5 Nb7 27. Rd7 Nb8 28.
Rxd8+ Rxd8 29. Rxd8+ Nxd8 30. Nc4 Nbc6 31. Kc2 e4 32. Ncd6 Be5 33. Nxe4 Nf7 34.
Kd3 Na5 35. Nd2 1-0

[Event "9th Sunway Sitges 2022"]
[Site "Sitges ESP"]
[Date "2022.12.16"]
[Round "5.56"]
[White "Sherman, Reem"]
[Black "Papadiamandis, Elliot"]
[Result "1-0"]
[BlackTitle "IM"]
[WhiteElo "2179"]
[BlackElo "2334"]
[WhiteFideId "2822288"]
[BlackFideId "36074160"]
[EventDate "2022.12.12"]

1. e4 c5 2. Nf3 d6 3. d4 cxd4 4. Nxd4 Nf6 5. Nc3 a6 6. Bg5 Nbd7 7. Bc4 Qb6 8.
Bb3 e6 9. a4 Qa5 10. Qd2 Be7 11. f3 Nc5 12. Ba2 O-O 13. O-O Re8 14. Rfb1 Qc7 15.
b4 Ncd7 16. a5 Ne5 17. Na4 Bd7 18. Nb6 Rad8 19. c4 Bc6 20. Re1 h6 21. Be3 d5 22.
exd5 exd5 23. c5 Ng6 24. Bb1 Bf8 25. Bd3 Nh5 26. Bf2 Ngf4 27. Bf1 g6 28. g4 Ng7
29. Bg3 g5 30. Nxc6 Qxc6 31. Rxe8 Nxe8 32. Bxf4 gxf4 33. Rd1 Nc7 34. Qxf4 Ne6
35. Qf5 d4 36. Bc4 Ng5 37. Kg2 Bg7 38. h4 Ne6 39. g5 Re8 40. Nd5 Nf8 41. Nf6+
Bxf6 42. gxf6 Rd8 43. Rxd4 Ne6 44. Bxe6 fxe6 45. Qg6+ 1-0

[Event "9th Sunway Sitges 2022"]
[Site "Sitges ESP"]
[Date "2022.12.16"]
[Round "5.57"]
[White "Arhan, Chethan Anand"]
[Black "Jain, Kashish Manoj"]
[Result "0-1"]
[BlackTitle "FM"]
[WhiteElo "2112"]
[BlackElo "2334"]
[WhiteFideId "45062510"]
[BlackFideId "35081098"]
[EventDate "2022.12.12"]

1. d4 d5 2. c4 c6 3. Nc3 Nf6 4. e3 e6 5. Nf3 Nbd7 6. Be2 Bd6 7. O-O O-O 8. b3 b6
9. Bb2 Bb7 10. Bd3 Qe7 11. Qc2 Rac8 12. Rad1 e5 13. dxe5 Nxe5 14. Nxe5 Qxe5 15.
g3 Qh5 16. Be2 Qh3 17. Rd4 Qe6 18. Rh4 h6 19. Rd1 Rfd8 20. Bf1 Rc7 21. Ne2 Ne4
22. Nf4 Qe7 23. Bg2 f5 24. Bxe4 dxe4 25. c5 Bxf4 26. Rxd8+ Qxd8 27. Rxf4 Bc8 28.
Qc3 Kh7 29. Qe5 Rf7 30. Rh4 Qd1+ 31. Kg2 Qf3+ 32. Kg1 Qd1+ 33. Kg2 Ba6 34. h3
Qf1+ 35. Kh2 Qxf2+ 36. Kh1 Qf1+ 37. Kh2 Qf2+ 38. Kh1 Bf1 39. Rxh6+ Kxh6 40. Qe6+
Rf6 0-1

[Event "9th Sunway Sitges 2022"]
[Site "Sitges ESP"]
[Date "2022.12.16"]
[Round "5.58"]
[White "Prudhvi, Kumar V"]
[Black "Bhambure, Shantanu"]
[Result "0-1"]
[BlackTitle "FM"]
[WhiteElo "1733"]
[BlackElo "2306"]
[WhiteFideId "25044788"]
[BlackFideId "5025931"]
[EventDate "2022.12.12"]

1. d4 Nf6 2. c4 e6 3. g3 d5 4. Nf3 dxc4 5. Qa4+ c6 6. Qxc4 b5 7. Qd3 Bb7 8. Bg2
Nbd7 9. O-O a6 10. Nc3 c5 11. dxc5 Bxc5 12. Bf4 O-O 13. Rfd1 Qb6 14. e3 Rfd8 15.
Qe2 h6 16. a4 g5 17. a5 Qc6 18. Ne1 Qc8 19. Bd6 Bxg2 20. Kxg2 Bxd6 21. Rxd6 Qc7
22. Rdd1 Ne5 23. Rdc1 Qb7+ 24. Kg1 g4 25. Rd1 b4 26. Na4 Ne4 27. f4 gxf3 28.
Nxf3 Nxg3 29. hxg3 Nxf3+ 30. Kf2 Ng5 31. Qg4 Rxd1 32. Rxd1 Rc8 33. Rd2 Qh1 34.
Nb6 Rc1 35. Ke2 Qf1# 0-1

[Event "9th Sunway Sitges 2022"]
[Site "Sitges ESP"]
[Date "2022.12.16"]
[Round "5.59"]
[White "Nevednichy, Vladislav"]
[Black "Bach, Matthias"]
[Result "1-0"]
[WhiteTitle "GM"]
[BlackTitle "FM"]
[WhiteElo "2502"]
[BlackElo "2208"]
[WhiteFideId "1205730"]
[BlackFideId "4603168"]
[EventDate "2022.12.12"]

1. e4 c5 2. Nf3 Nf6 3. e5 Nd5 4. Nc3 e6 5. Ne4 f5 6. Nc3 Nc7 7. g3 Nc6 8. Bg2
Be7 9. h4 b5 10. O-O b4 11. Ne2 Nd5 12. a3 Qc7 13. axb4 c4 14. c3 Nxe5 15. Nxe5
Qxe5 16. d3 cxd3 17. Nf4 Nb6 18. Bxa8 Nxa8 19. Rxa7 Nb6 20. Qxd3 Qb8 21. Ra5 Qc7
22. Be3 Bb7 23. Qb5 Nd5 24. Nxe6 1-0

[Event "9th Sunway Sitges 2022"]
[Site "Sitges ESP"]
[Date "2022.12.16"]
[Round "5.60"]
[White "Webb, Laurence E"]
[Black "Ayats Llobera, Gerard"]
[Result "0-1"]
[WhiteTitle "FM"]
[BlackTitle "IM"]
[WhiteElo "2201"]
[BlackElo "2464"]
[WhiteFideId "402389"]
[BlackFideId "32067607"]
[EventDate "2022.12.12"]

1. d4 Nf6 2. c4 e6 3. Nc3 Bb4 4. e3 O-O 5. Ne2 Re8 6. a3 Bf8 7. Ng3 d5 8. Bd3 b6
9. O-O Bb7 10. cxd5 exd5 11. b4 a6 12. Bb2 g6 13. Re1 Nbd7 14. Rc1 Rc8 15. Qb3
b5 16. a4 c6 17. a5 h5 18. e4 Bh6 19. Rcd1 h4 20. Nf1 Nf8 21. e5 Nh5 22. Ne2 Rc7
23. Qc3 Ne6 24. Bc1 Bg5 25. Bxg5 Qxg5 26. Qd2 Qe7 27. Ne3 Bc8 28. Ng4 h3 29. Ng3
Neg7 30. Nxh5 Nxh5 31. Nf6+ Nxf6 32. exf6 Qf8 33. Rxe8 Qxe8 34. Qh6 Qf8 35.
Qxf8+ Kxf8 36. f4 hxg2 37. Kxg2 c5 38. dxc5 Rc6 39. Re1 Rxf6 40. Kf3 Rc6 41. h4
Be6 42. Kf2 Ke7 43. Ke3 Rc8 44. Rh1 Bd7 45. Kd4 Ke6 46. Rh2 Rh8 47. f5+ gxf5 48.
h5 f4 49. h6 f3 50. Ke3 Ke5 51. Rh4 f5 52. Kxf3 Rh7 53. Ke3 Be8 54. Rh2 Bg6 55.
Kd2 d4 56. Rh4 Be8 57. Rh2 Bg6 58. Ke2 Bf7 59. Kf3 Bd5+ 60. Kg3 Bc4 61. Bb1 d3
62. Kf3 Kd4 63. c6 Bd5+ 64. Kf4 Bxc6 65. Kxf5 Be4+ 66. Kg5 Rc7 67. Rh4 Ke3 68.
Rxe4+ Kxe4 69. Kg6 Kd4 70. Ba2 Kc3 71. Bd5 d2 72. Bf3 Kc2 73. h7 Rxh7 74. Kxh7
d1=Q 0-1

[Event "9th Sunway Sitges 2022"]
[Site "Sitges ESP"]
[Date "2022.12.16"]
[Round "5.61"]
[White "Ribera Veganzones, Serni"]
[Black "Fernandez Guillen, Ernesto J."]
[Result "0-1"]
[WhiteTitle "CM"]
[BlackTitle "IM"]
[WhiteElo "2199"]
[BlackElo "2462"]
[WhiteFideId "6900860"]
[BlackFideId "3512428"]
[EventDate "2022.12.12"]

1. e4 e5 2. Nf3 Nc6 3. Bb5 a6 4. Ba4 g6 5. O-O Bg7 6. c3 d6 7. d4 Bd7 8. Re1
Nge7 9. dxe5 dxe5 10. Nbd2 O-O 11. Nf1 h6 12. Ng3 Qe8 13. Qe2 Rd8 14. h3 Kh7 15.
Bc2 Be6 16. Bb3 Bxb3 17. axb3 f5 18. exf5 gxf5 19. Nh2 Qg6 20. Bd2 e4 21. Rad1
Be5 22. Qh5 Rd3 23. Qxg6+ Kxg6 24. Bc1 Rfd8 25. Rxd3 Rxd3 26. Ngf1 Bxh2+ 27.
Nxh2 Na5 28. f3 Nxb3 29. fxe4 fxe4 30. Rxe4 Rd1+ 31. Kf2 Nd5 32. Rg4+ Kh7 33.
Bf4 h5 34. Rh4 Kg6 35. Be5 Rd2+ 36. Kf3 Rxb2 37. c4 Nd2+ 38. Kg3 Rb3+ 39. Nf3
Ne7 40. Kf2 Nxf3 41. gxf3 a5 42. Bxc7 Rb2+ 43. Ke1 a4 44. c5 a3 45. Ra4 a2 46.
Be5 Rg2 47. Kd1 Kf5 48. f4 Nd5 49. Ra7 Ne3+ 50. Ke1 Ke4 51. Rxb7 Kf3 0-1

[Event "9th Sunway Sitges 2022"]
[Site "Sitges ESP"]
[Date "2022.12.16"]
[Round "5.62"]
[White "Erdogmus, Yagiz Kaan"]
[Black "Wong, Zhenyong Jayden"]
[Result "1/2-1/2"]
[WhiteTitle "IM"]
[BlackTitle "CM"]
[WhiteElo "2453"]
[BlackElo "2181"]
[WhiteFideId "44599790"]
[BlackFideId "5821975"]
[EventDate "2022.12.12"]

1. e4 c5 2. Nc3 e6 3. Nge2 Nc6 4. g3 Nf6 5. Bg2 d5 6. exd5 exd5 7. d4 cxd4 8.
Nxd4 Bg4 9. Nde2 Bb4 10. h3 Bxc3+ 11. bxc3 Bf5 12. O-O Qd7 13. Re1 O-O 14. g4
Be4 15. f3 Bg6 16. Bg5 Ne8 17. f4 f6 18. Bh4 Rd8 19. f5 Bf7 20. Nf4 Nc7 21. Bf2
Qd6 22. Qd2 Ne5 23. Bd4 Nb5 24. Qf2 Rfe8 25. Rab1 Qc6 26. Qg3 Nd6 27. Nd3 Nxd3
28. cxd3 Rxe1+ 29. Rxe1 Nb5 30. Re7 Nxd4 31. cxd4 h6 32. Kh2 Re8 33. Rxe8+ Qxe8
34. Qc7 Qe3 35. Qb8+ Kh7 36. Qxb7 Qf4+ 1/2-1/2

[Event "9th Sunway Sitges 2022"]
[Site "Sitges ESP"]
[Date "2022.12.16"]
[Round "5.63"]
[White "Cherniack, Alex"]
[Black "Goh, Wei Ming Kevin"]
[Result "0-1"]
[BlackTitle "GM"]
[WhiteElo "2188"]
[BlackElo "2452"]
[WhiteFideId "2007606"]
[BlackFideId "5800706"]
[EventDate "2022.12.12"]

1. d4 Nf6 2. c4 e6 3. Nc3 Bb4 4. Bg5 c5 5. d5 h6 6. Bh4 Bxc3+ 7. bxc3 d6 8. e3
Qe7 9. Nf3 g5 10. Bg3 e5 11. Nd2 Bf5 12. h4 Rg8 13. hxg5 hxg5 14. f3 Nbd7 15. e4
Bg6 16. Bf2 O-O-O 17. Qa4 Kb8 18. g4 Nf8 19. Be2 Bh7 20. Be3 Rg7 21. Nf1 Ng6 22.
Bxg5 Nf4 23. Bh6 Rgg8 24. Nd2 Rg6 25. Bxf4 exf4 26. O-O-O Rg7 27. Kb2 Nd7 28.
Nb3 f5 29. gxf5 Nb6 30. Qb5 Bxf5 31. exf5 Qxe2+ 32. Nd2 Rg2 33. Kc1 Nxd5 34. Rh7
Qxd1+ 35. Kxd1 Nxc3+ 36. Ke1 Nxb5 37. cxb5 d5 38. f6 Rg6 39. f7 c4 0-1

[Event "9th Sunway Sitges 2022"]
[Site "Sitges ESP"]
[Date "2022.12.16"]
[Round "5.64"]
[White "Leisch, Lukas"]
[Black "Lorscheid, Gerhard"]
[Result "1-0"]
[WhiteTitle "IM"]
[BlackTitle "FM"]
[WhiteElo "2405"]
[BlackElo "2137"]
[WhiteFideId "1632094"]
[BlackFideId "4606000"]
[EventDate "2022.12.12"]

1. c4 d6 2. d4 e5 3. d5 Be7 4. Nc3 Bg5 5. e3 f5 6. Nf3 Bf6 7. e4 f4 8. Be2 Nh6
9. Bd2 c5 10. dxc6 bxc6 11. Qa4 O-O 12. c5 dxc5 13. O-O-O Qe7 14. Bc4+ Nf7 15.
Ne1 Bb7 16. Qa5 Nd7 17. Na4 Kh8 18. Bd3 Qe6 19. b3 Bd8 20. Qc3 Qe7 21. g3 Nd6
22. gxf4 Nb5 23. Qb2 exf4 24. Nf3 Bc7 25. Bc3 Nxc3 26. Qxc3 Bc8 27. Rhg1 Nb6 28.
Nxc5 Bd6 29. Rg5 h6 30. Rh5 Bxc5 31. Rxc5 Nd7 32. Rxc6 Nf6 33. Ne5 Kh7 34. Rc7
Qa3+ 35. Kb1 Be6 36. Rg1 1-0

[Event "9th Sunway Sitges 2022"]
[Site "Sitges ESP"]
[Date "2022.12.16"]
[Round "5.65"]
[White "Joel Paul Ganta"]
[Black "Injac, Teodora"]
[Result "0-1"]
[BlackTitle "WGM"]
[WhiteElo "2183"]
[BlackElo "2365"]
[WhiteFideId "35066145"]
[BlackFideId "932400"]
[EventDate "2022.12.12"]

1. e4 c5 2. Nf3 d6 3. d4 cxd4 4. Nxd4 Nf6 5. Nc3 Nc6 6. Bc4 e6 7. Be3 a6 8. Qe2
Bd7 9. Nxc6 Bxc6 10. f3 b5 11. Bb3 Be7 12. a3 Qc7 13. O-O O-O 14. Qf2 Rab8 15.
Rae1 a5 16. a4 bxa4 17. Bxa4 Rxb2 18. Bb3 Bd7 19. Bd4 Rxb3 20. cxb3 e5 21. Nd5
Nxd5 22. exd5 Bb5 23. Bb6 Qb7 24. Bxa5 Bxf1 25. Rxf1 Qxb3 26. Qd2 Rc8 27. Qb4
Qa2 28. Bb6 Bg5 29. Bf2 g6 30. g3 Rc2 31. Qb1 Rxf2 0-1

[Event "9th Sunway Sitges 2022"]
[Site "Sitges ESP"]
[Date "2022.12.16"]
[Round "5.66"]
[White "Baert, Andy"]
[Black "Nandhidhaa, P V"]
[Result "0-1"]
[WhiteTitle "FM"]
[BlackTitle "WGM"]
[WhiteElo "2156"]
[BlackElo "2358"]
[WhiteFideId "200107"]
[BlackFideId "5050847"]
[EventDate "2022.12.12"]

1. c4 e5 2. Nc3 Nf6 3. Nf3 Nc6 4. e4 Bb4 5. d3 d6 6. a3 Bc5 7. b4 Bb6 8. Na4 Bg4
9. Nxb6 axb6 10. Bb2 Nd4 11. Bxd4 exd4 12. Be2 Bxf3 13. Bxf3 O-O 14. O-O Ra7 15.
Qb3 Nd7 16. Bg4 Ne5 17. Bh3 Qh4 18. Qb2 Nxd3 19. Qxd4 Nf4 20. Kh1 Nxh3 21. gxh3
Qxh3 0-1

[Event "9th Sunway Sitges 2022"]
[Site "Sitges ESP"]
[Date "2022.12.16"]
[Round "5.67"]
[White "Wecker, Martin"]
[Black "Fitzsimons, David"]
[Result "0-1"]
[BlackTitle "IM"]
[WhiteElo "2150"]
[BlackElo "2352"]
[WhiteFideId "12931462"]
[BlackFideId "2501961"]
[EventDate "2022.12.12"]

1. Nf3 d5 2. g3 Bg4 3. Bg2 Nd7 4. c4 e6 5. cxd5 exd5 6. O-O c6 7. d3 Ngf6 8. Nc3
Bc5 9. Qc2 O-O 10. e4 Re8 11. Bf4 Bf8 12. exd5 Nxd5 13. Nxd5 cxd5 14. d4 Rc8 15.
Qd3 f6 16. h3 Be6 17. Rac1 Qa5 18. Qb3 Nb6 19. Rxc8 Rxc8 20. Rc1 Rc4 21. a3 Qa4
22. Qxa4 Nxa4 23. Re1 Rc6 24. Bc1 Kf7 25. Bf1 a6 26. Nd2 g6 27. Kg2 h5 28. Bd3
g5 29. Nf1 g4 30. hxg4 hxg4 31. Ne3 Bh6 32. b3 Nc3 33. Bb2 Nb5 34. Kf1 Bxe3 35.
fxe3 Nd6 36. Rc1 Rxc1+ 37. Bxc1 Bf5 38. Bxf5 Nxf5 39. a4 Ke6 40. Bd2 Ne7 41. Kf2
Kf5 42. Ke2 Ke4 43. Bb4 Nf5 0-1

[Event "9th Sunway Sitges 2022"]
[Site "Sitges ESP"]
[Date "2022.12.16"]
[Round "5.68"]
[White "Akbas, Umut Ata"]
[Black "Mahitosh, Dey"]
[Result "1-0"]
[WhiteTitle "FM"]
[BlackTitle "FM"]
[WhiteElo "2351"]
[BlackElo "2134"]
[WhiteFideId "44572646"]
[BlackFideId "25091468"]
[EventDate "2022.12.12"]

1. d4 d5 2. c4 c6 3. Nf3 Nf6 4. e3 Bf5 5. Nc3 dxc4 6. Bxc4 e6 7. O-O Nbd7 8. Qe2
b5 9. Bb3 Bg6 10. e4 b4 11. e5 bxc3 12. exf6 cxb2 13. Bxe6 Nxf6 14. Bxf7+ Kd7
15. Bxb2 Bd6 16. Be6+ Kc7 17. Rfc1 a5 18. Qb5 Qe8 19. d5 c5 20. Rxc5+ Bxc5 21.
Be5+ Kd8 22. Qxc5 Qa4 23. Qc7+ Ke8 24. Bd6 1-0

[Event "9th Sunway Sitges 2022"]
[Site "Sitges ESP"]
[Date "2022.12.16"]
[Round "5.69"]
[White "Van Kessel, Wessel"]
[Black "Nawin, J J"]
[Result "1/2-1/2"]
[BlackTitle "FM"]
[WhiteElo "2145"]
[BlackElo "2351"]
[WhiteFideId "233404"]
[BlackFideId "45031231"]
[EventDate "2022.12.12"]

1. Nf3 Nf6 2. b3 c5 3. Bb2 Nc6 4. e3 g6 5. d4 cxd4 6. Nxd4 Bg7 7. Nxc6 bxc6 8.
c4 O-O 9. Be2 Re8 10. O-O a5 11. Qc2 d5 12. Rd1 e5 13. Nc3 Bf5 14. Bd3 Be6 15.
Na4 Nd7 16. Rac1 Qb8 17. cxd5 cxd5 18. Qc7 Bf8 19. Rc6 Rd8 20. Rdc1 Qxc7 21.
Rxc7 Bd6 22. R7c6 Be7 23. h3 Nb8 24. R6c2 Nd7 25. Bb5 f6 26. Bxd7 Bxd7 27. Nb6
Bf5 28. Rc7 Rab8 29. Rxe7 Rxb6 30. Rcc7 g5 31. Rg7+ Kh8 32. Bc3 a4 33. b4 d4 34.
exd4 exd4 35. Bd2 Re6 36. g4 Bg6 37. Rgd7 Rd6 38. Re7 Re8 39. Rxe8+ Bxe8 40. Rc8
Re6 41. Rd8 Kg7 42. Rxd4 Rc6 43. Re4 Bf7 44. a3 Rc2 45. Be1 Bc4 46. Re3 Kf7 47.
Kg2 Ra2 48. Kg3 Rb2 49. Bc3 Rb3 50. Bd4 Rxe3+ 51. fxe3 Ke6 52. e4 Bd3 53. Kf3
Bf1 54. Kg3 Bd3 55. Kf3 Bf1 1/2-1/2

[Event "9th Sunway Sitges 2022"]
[Site "Sitges ESP"]
[Date "2022.12.16"]
[Round "5.70"]
[White "Kholopov, Alexander A."]
[Black "Dalaud, Dorian"]
[Result "0-1"]
[WhiteTitle "FM"]
[BlackTitle "FM"]
[WhiteElo "2146"]
[BlackElo "2342"]
[WhiteFideId "4148100"]
[BlackFideId "36093270"]
[EventDate "2022.12.12"]

1. d4 Nf6 2. c4 g6 3. Nc3 Bg7 4. e4 d6 5. Be2 O-O 6. Be3 Nc6 7. d5 Ne5 8. f4
Neg4 9. Bd2 Nh6 10. h3 e6 11. dxe6 fxe6 12. g4 b5 13. cxb5 Bb7 14. Qb3 Rf7 15.
Bf3 d5 16. exd5 exd5 17. O-O-O c5 18. bxc6 Bxc6 19. Nge2 Rb8 20. Qa3 Qb6 21. Be1
Qe3+ 22. Bd2 Qb6 23. Be1 d4 24. Nxd4 Bxf3 25. Nxf3 Qe3+ 26. Nd2 Ne4 27. Rf1 Nxc3 0-1